Kriminalita ako sociálno-patologický jav a formy prevencie bakalárska práca

Uložené v:
Podrobná bibliografia
Hlavný autor: Anderlová, Kristína
Korporativný autor: Národohospodárska fakulta EU. Katedra sociálneho rozvoja a práce
Ďalší autori: Husáková, Mária
Médium: Kniha
Jazyk:Slovak
Vydavateľské údaje: Bratislava 2010
Tagy: Pridať tag
Žiadne tagy, Buďte prvý, kto otaguje tento záznam!

MARC

LEADER 00000nam$a2200000$$$4500
001 0129049
005 20240320074204.4
041 0 |a slo 
044 |a SK 
245 1 0 |a Kriminalita ako sociálno-patologický jav a formy prevencie  |b bakalárska práca  |c Kristína Anderlová ; škol. Mária Husáková 
264 1 |a Bratislava  |c 2010 
300 |a 57 s. 
100 1 |a Anderlová, Kristína 
700 1 |a Husáková, Mária 
710 2 |a Národohospodárska fakulta EU. Katedra sociálneho rozvoja a práce